| 000 | 00815cam a2200241 4500 | ||
|---|---|---|---|
| 008 | 011030n1999 000 0 eng u | ||
| 020 | _a090095387X | ||
| 035 | _a(Sirsi) u115384 | ||
| 050 | _a697 | ||
| 110 |
_aChartered Institution of Building Services Engineers _92360 |
||
| 245 | _aPublic health engineering | ||
| 260 |
_aLondon _bCIBSE _c1999 |
||
| 300 | _a1 v. ; various pagings | ||
| 350 | _a92.00 | ||
| 520 | _aA new CIBSE guide replacing sections B2, B6 and B7 of the 1986 edition of "CIBSE guide B : installation and equipment data" and considering systems both inside and outside buildings. | ||
| 650 |
_aBlock management _96220 |
||
| 650 | _aDRAINAGE | ||
| 650 | _aIRRIGATION | ||
| 650 |
_aUtilities _96272 |
||
| 650 | _aWASTE MANAGEMENT | ||
| 690 |
_aBlock management _96220 |
||
| 942 | _n0 | ||
| 999 |
_c101753 _d101753 |
||